Practical methods of optimization / (Record no. 7745)

MARC details
000 -LEADER
fixed length control field 00833pam a2200277 a 4500
001 - CONTROL NUMBER
control field 3366867
003 - CONTROL NUMBER IDENTIFIER
control field OSt
005 - DATE AND TIME OF LATEST TRANSACTION
control field 20220228115405.0
008 - FIXED-LENGTH DATA ELEMENTS--GENERAL INFORMATION
fixed length control field 870312s1987 enka b 001 0 eng
010 ## - LIBRARY OF CONGRESS CONTROL NUMBER
LC control number 87008126
020 ## - INTERNATIONAL STANDARD BOOK NUMBER
International Standard Book Number 047149466631
Terms of availability $30.00
040 ## - CATALOGING SOURCE
Original cataloging agency DLC
Transcribing agency DLC
Modifying agency DLC
050 00 - LIBRARY OF CONGRESS CALL NUMBER
Classification number QA402.5
Item number .F57 1987
082 00 - DEWEY DECIMAL CLASSIFICATION NUMBER
Classification number 519.6FLE 1987
100 1# - MAIN ENTRY--PERSONAL NAME
Personal name Fletcher, R.
Fuller form of name (Roger)
9 (RLIN) 15800
245 10 - TITLE STATEMENT
Title Practical methods of optimization /
Statement of responsibility, etc. R. Fletcher.
250 ## - EDITION STATEMENT
Edition statement 2nd ed.
260 ## - PUBLICATION, DISTRIBUTION, ETC. (IMPRINT)
Place of publication, distribution, etc. Chichester ;
-- New York :
Name of publisher, distributor, etc. Wiley,
Date of publication, distribution, etc. c1987.
300 ## - PHYSICAL DESCRIPTION
Extent xiv, 436 p. :
Other physical details ill. ;
Dimensions 24 cm.
500 ## - GENERAL NOTE
General note "A Wiley-Interscience publication."
500 ## - GENERAL NOTE
General note Includes index.
504 ## - BIBLIOGRAPHY, ETC. NOTE
Bibliography, etc Bibliography: p. [417]-429.
650 #0 - SUBJECT ADDED ENTRY--TOPICAL TERM
Topical term or geographic name as entry element Mathematical optimization.
9 (RLIN) 3011
906 ## - LOCAL DATA ELEMENT F, LDF (RLIN)
a 7
b cbc
c orignew
d 1
e ocip
f 19
g y-gencatlg
942 ## - ADDED ENTRY ELEMENTS (KOHA)
Source of classification or shelving scheme Dewey Decimal Classification
Koha item type Open Shelf
Holdings
Withdrawn status Lost status Source of classification or shelving scheme Damaged status Not for loan Home library Current library Date acquired Source of acquisition Inventory number Total Checkouts Full call number Barcode Date last seen Price effective from Koha item type
    Dewey Decimal Classification     MUST Main Library MUST Main Library 28/02/2022 Purchase 06/26604   519.6FLE 1987 2022-0303 28/02/2022 28/02/2022 Open Shelf
    Dewey Decimal Classification     MUST Main Library MUST Main Library 28/02/2022 Purchase 06/26606   519.6FLE 1987 2022-0304 28/02/2022 28/02/2022 Open Shelf
    Dewey Decimal Classification     MUST Main Library MUST Main Library 28/02/2022 Purchase 04/22953   519.6FLE 1987 2022-0305 28/02/2022 28/02/2022 Open Shelf
    Dewey Decimal Classification     MUST Main Library MUST Main Library 28/02/2022 Purchase 04/22954   519.6FLE 1987 2022-0306 28/02/2022 28/02/2022 Open Shelf
    Dewey Decimal Classification     MUST Main Library MUST Main Library 28/02/2022 Purchase 06/26605   519.6FLE 1987 2022-0307 28/02/2022 28/02/2022 Open Shelf